Pilotes de Formule 1 (2022) - Statistiques

Statistiques générales
  • Ce quiz a été pris 458 fois
  • Le résultat moyen est 18 sur 20
Statistiques - réponses
Pays Pilotes % Correct
Angleterre Hamilton
99%
France Gasly
98%
Monaco Leclerc
98%
France Ocon
97%
Pays-Bas Verstappen
95%
Mexique Perez
94%
Espagne Sainz
94%
Espagne Alonso
93%
Australie Ricciardo
91%
Japon Tsunoda
91%
Allemagne Vettel
91%
Finlande Bottas
90%
Angleterre Russell
90%
Thailande Albon
89%
Angleterre Norris
89%
Canada Stroll
89%
Chine Zhou
88%
Danemark Magnussen
84%
Allemagne Schumacher
83%
Canada Latifi
80%
Aucun quiz correspondant
Distribution des résultats
% des personnes avec chaque résultat
Percentile par nombre de réponses
Votre historique - résultats
Vous n’avez pas pris ce quiz